Statistiques concernant Harry Potter: la Saga (Quiz anniversaire)

Cliquez ici pour prendre le quiz!

Statistiques générales

  • Ce quiz a été pris 137 fois
  • Le résultat moyen est 17 sur 21

Statistiques - réponses

InformationRéponse% Correct
NomHarry Potter
100%
Personnage principalHarry Potter
100%
Nombre de livres7
97%
Nombre de films8
97%
CréatriceJ.K Rowling
97%
2eme tomeHarry Potter et la Chambre des Secrets
96%
Personnage principalHermione Granger
96%
Personnage principalRon Weasley
96%
1er tomeHarry Potter à l'école des sorciers
95%
4eme tomeHarry Potter et la Coupe de Feu
95%
6eme tomeHarry Potter et le Prince de Sang-Mêlé
90%
7eme tomeHarry Potter et les Reliques de la Mort
89%
3eme tomeHarry Potter et le Prisonnier d'Azkaban
87%
5eme tomeHarry Potter et l'Ordre du Phénix
87%
Livre complémentaireLes Animaux Fantastiques
76%
Date de début1997
64%
Date de fin2007
64%
Livre complémentaireHarry Potter et l'enfant maudit
64%
Saga complémentaireLes Animaux Fantastiques
40%
Livre complémentaireLes Contes de Beedle le Barde
31%
Livre complémentaireLe Quidditch à travers les Ages
28%

Distribution des résultats

Percentile par nombre de réponses

% des personnes avec chaque résultat

Votre développement - résultats

Vous n’avez pas pris ce quiz